000 00874nam a2200253 i 4500
001 000038113
003 DO-SdBNP
005 20240516154049.0
007 ta
008 130314s2001 dr ac 000 0 spa d
040 _aDO-SdBNP
_bspa
_cBNPHU
_erda
082 4 _222
100 1 _aPuello Báez, Ramón,
_930223
_eautor
245 1 0 _aCrónicas de San Cristóbal :
_breseñas de acontecimientos notables del Siglo XX sancristobalense /
_cRamón Puello Báez.
264 _aSanto Domingo :
_bCorripio,
_c2001.
300 _a504 páginas :
_bilustraciones, retratos;
_c25 cm.
336 _2rdacontent
_atexto
_btxt
337 _2rdamedia
_asin mediación
_bn
338 _2rdacarrier
_avolumen
_bnc
500 _aIncluye referencias bibliográficas y notas al pie de las páginas
504 _aBibliografía : p. 539-541
590 _aInventariado, 2024/BT
942 _2ddc
_cLBS1
999 _c37603
_d37603